Statistics for All Cuphead Bosses (DLC Included)

Click here to take the quiz!

General Stats

  • This quiz has been taken 227 times
    (107 since last reset)
  • The average score is 21 of 40

Answer Stats

HintAnswer% Correct
Botanic Panic!The Root Pack
90%
Ruse Of An OozeGoopy Lé Grande
79%
Threatenin’ ZeppelinHilda Berg
79%
Floral FuryCagney Carnation
78%
Clip Joint CalamityRibby And Croaks
78%
Carnival KerfuffleBeppi The Clown
76%
All Bets Are Off!King Dice
74%
One Hell Of A TimeThe Devil
74%
Pyramid PerilDjimmi The Great
72%
Sugarland ShimmyBaroness Von Bon Bon
71%
Hi-Seas Hi-Jinx!Cala Maria
71%
Dramatic FanaticSally Stageplay
71%
Fiery FrolicGrim Matchstick
69%
Aviary Action!Wally Warbles
69%
Shootin’ N Lootin’Captain Brineybeard
60%
Junkyard Jive!Dr. Kahl’s Robot
60%
Railroad WrathPhantom Express
59%
Honeycomb HeraldRumor Honeybottoms
59%
Murine CorpsWerner Werman
57%
A Dish To Die ForChef Saltbaker
52%
Casino (mini-boss)The Tipsy Troop
47%
The King’s LeapThe Queen
43%
Casino (mini-boss)Pip and Dot
41%
Casino (mini-boss)Mr. Chimes
40%
The King’s LeapThe Pawns
40%
The King’s LeapThe Rook
40%
The King’s LeapThe Bishop
38%
The King’s LeapThe Knight
38%
High-Noon HooplaEsther Winchester
36%
Gnome Way OutGlumstone The Giant
36%
Snow Cult ScuffleMortimer Freeze
36%
Casino (mini-boss)Chips Bettigan
34%
Casino (mini-boss)Mr. Wheezy
34%
Casino (mini-boss)Phear Lap
33%
One Hell Of A DreamAngel And Devil
31%
Botlegger BoogieMoonshine Mob
31%
Casino (mini-boss)Mangosteen
29%
Casino (mini-boss)Pirouletta
29%
Casino (mini-boss)Hopus Pocus
24%
Doggone DogfightThe Howling Aces
24%

Score Distribution

Percentile by Number Answered

Percent of People with Each Score

Your Score History

You have not taken this quiz since the last reset